| 000 | 00663nam a2200265Ia 4500 | ||
|---|---|---|---|
| 003 | OSt | ||
| 005 | 20220918163530.0 | ||
| 006 | a|||||r|||| 00| 0 | ||
| 007 | ta | ||
| 008 | 220917b |||||||| |||| 00| 0 eng d | ||
| 020 | _a0071168028 (pbk) | ||
| 024 | _a195,844 | ||
| 037 | _cTextual | ||
| 040 |
_aARTS _cARTS _beng |
||
| 041 |
_2eng _aeng |
||
| 082 | _aS0aL, N9 | ||
| 100 |
_aTaylor Shelly E _913549 |
||
| 245 | 0 | _aHealth psychology | |
| 250 | _a4th | ||
| 260 |
_aNew Delhi _bMcgraw-hill _c1999 |
||
| 300 |
_axvii,636 p. _ccm. |
||
| 650 | _aPSYCHOLOGY | ||
| 942 |
_hS0aL, N9 _cTEXL _2CC |
||
| 999 |
_c119936 _d119936 |
||